000 00704nab a2200181 4500
001 244442
003 OSt
005 20231219130348.0
007 tu
008 200917s2020|||||||
040 _aDE-2950
_cDE-2950
245 0 0 _aArbeiten für neues Wasserwerk beginnen
_bVersorgung. Nach jahrelangem Streit um die Finanzierung bekommt das Wasserwerk in Müllrose einen Neubau. Die Frankfurter Wasser- und Abwassergesellschaft will dort einen Großteil des Trinkwassers für die Oderstadt fördern/
_cFrank Groneberg
264 _c2023
653 _aFrankfurt (Oder)
653 _aWasserwerk
773 0 _g34. Jahrgang (2023) Nr. 288 vom 11.12.2023, S. 13, mit Foto
_tMärkische Oderzeitung
942 _2z
_cA
999 _c372877
_d372877